000 01248cam a2200337 c 4500
001 193558
003 SpMaBN
005 20250811062539.0
007 ta
008 240115s1958 sp spa
016 7 _abimoBNE19995047095
_zIND9500656553
_2SpMaBN
017 _aB 16498-1958
_bOficina Depósito Legal Barcelona
035 _a(OCoLC)432729826
035 _abimo0001250806
040 _aSpMaBN
_bspa
_cA2
_dES-MaACL
080 _a697.8(084)
100 0 _aOliván, L.
_0XX1384913
_986745
_eaut
245 1 0 _aModelos modernos de chimeneas artísticas /
_cpor L. Oliván.
250 _aPrimera edición.
260 _aBarcelona :
_bJuan Bruguer,
_c1958
_f(Gráficas Diamante)
300 _a2 hojas, láminas 1-55 ;
_cFol. (35 cm)
336 _2rdacontent
_aTexto
337 _2rdamedia
_asin mediación
338 _2rdacarrier
_avolumen
650 7 _aChimeneas
_9165639
852 _aES-MaACL
_bR.43834
_bR.M.1
_9115532
_jD-1
_cSVI
_hDonación: Ministerio de Cultura
_fSello en tinta en portada: "Ateneo de Madrid. Biblioteca"
914 _aEspaña.
_ednr
_93850
942 _n0
_cMONOGRAFIA
999 _c193558
_d193558